A cafetéria rendszer bemutatása az EDF DÉMÁSZ példáján keresztül
Elmentve itt :
| Szerző: | |
|---|---|
| További közreműködők: | |
| Dokumentumtípus: | Szakdolgozat |
| Megjelent: |
2010
|
| Tárgyszavak: | |
| Online Access: | http://diploma.bibl.u-szeged.hu/43895 |
| LEADER | 00569nta a2200157 i 4500 | ||
|---|---|---|---|
| 001 | dipl43895 | ||
| 005 | 20140908152519.0 | ||
| 008 | 140908s2010 hu om 0|| zxx d | ||
| 040 | |a SZTE Diploma Repozitórium |b hun | ||
| 041 | |a zxx | ||
| 100 | 1 | |a Kószó Izabella | |
| 245 | 1 | 2 | |a A cafetéria rendszer bemutatása az EDF DÉMÁSZ példáján keresztül |h [elektronikus dokumentum] / |c Izabella Kószó |
| 260 | |c 2010 | ||
| 650 | 4 | |a Gazdaságtudományok | |
| 700 | 1 | |a Kürtösi Zsófia |e ths | |
| 856 | 4 | 0 | |u http://diploma.bibl.u-szeged.hu/id/eprint/43895/1/szakdolgozat.pdf |z Dokumentum-elérés |